[Event "7. LGA Premium Cup"]
[Site "Nürnberg"]
[Date "2010.09.04"]
[Round "5.1"]
[White "Kunin, Vitaly"]
[Black "Bluvshtein, Mark"]
[Result "1/2-1/2"]
[WhiteElo "2538"]
[BlackElo "2583"]
[PlyCount "73"]
[EventDate "2010.09.02"]
[WhiteTeam "Freibauer Mörlenbach-Birkenau"]
[BlackTeam "Canada"]

1. d4 Nf6 2. c4 e6 3. Nf3 c5 4. d5 exd5 5. cxd5 d6 6. Nc3 g6 7. h3 Qe7 8. Bg5
Bg7 9. e3 O-O 10. Nd2 b6 11. Bd3 Ba6 12. Bxa6 Nxa6 13. Nde4 Nc7 14. Qf3 Nce8
15. Nd2 h6 16. Bh4 Nc7 17. O-O b5 18. Nde4 g5 19. Bg3 Rad8 20. Nxf6+ Bxf6 21.
e4 Bxc3 22. bxc3 f5 23. exf5 Qf7 24. a4 b4 25. cxb4 cxb4 26. Rac1 Nxd5 27. Rcd1
Nc3 28. Rxd6 Rxd6 29. Bxd6 Qxf5 30. Qh5 g4 31. Qxf5 Rxf5 32. hxg4 Rg5 33. f4
Rxg4 34. Bxb4 Ne2+ 35. Kf2 Rxf4+ 36. Kxe2 Rxb4 37. Rf6 1/2-1/2

[Event "7. LGA Premium Cup"]
[Site "Nürnberg"]
[Date "2010.09.04"]
[Round "5.2"]
[White "Ftacnik, Lubomir"]
[Black "Renner, Christoph"]
[Result "1-0"]
[WhiteElo "2568"]
[BlackElo "2420"]
[PlyCount "75"]
[EventDate "2010.09.02"]
[WhiteTeam "Hamburger SK von 1830 eV"]
[BlackTeam "FC Bayern München e.V."]

1. Nf3 d6 2. d4 f5 3. g3 g6 4. Bg2 Bg7 5. O-O Nf6 6. b3 O-O 7. Bb2 a5 8. a4 Nc6
9. Na3 Bd7 10. Nb5 Nb4 11. c3 Na6 12. Nd2 c6 13. Na3 Qc7 14. Nac4 Rad8 15. f3
f4 16. e4 fxg3 17. hxg3 Nh5 18. Qe1 d5 19. exd5 cxd5 20. Ne5 Bxe5 21. dxe5 Nc5
22. Ba3 Be6 23. Qe3 b6 24. Kh2 Ng7 25. g4 Bc8 26. b4 axb4 27. Bxb4 Ba6 28. a5
d4 29. cxd4 Bxf1 30. axb6 Qc6 31. Nxf1 Nce6 32. Bxe7 Qxb6 33. Bxf8 Kxf8 34. d5
Qxe3 35. Nxe3 Nf4 36. Ra5 Nd3 37. Nc4 Rc8 38. Bf1 1-0

[Event "7. LGA Premium Cup"]
[Site "Nürnberg"]
[Date "2010.09.04"]
[Round "5.3"]
[White "Boguslavskyy, Oleg"]
[Black "Buhmann, Rainer"]
[Result "1/2-1/2"]
[WhiteElo "2485"]
[BlackElo "2563"]
[PlyCount "86"]
[EventDate "2010.09.02"]
[WhiteTeam "SV Hockenheim"]
[BlackTeam "SV Hockenheim"]

1. e4 e5 2. Nf3 Nc6 3. Bb5 Nf6 4. Qe2 Bd6 5. c3 O-O 6. d3 Re8 7. Bg5 h6 8. Bh4
Be7 9. Nbd2 d6 10. O-O a6 11. Ba4 Bd7 12. Bb3 Nh5 13. Bg3 Bf6 14. Rfe1 g6 15.
Nf1 Bg7 16. Ne3 Be6 17. h3 Qd7 18. Bh2 Rad8 19. Rad1 Bxb3 20. axb3 Nf6 21. b4
Nh7 22. Nd2 Ne7 23. f4 exf4 24. Bxf4 d5 25. Ng4 g5 26. Bh2 Ng6 27. Qf1 d4 28.
cxd4 Qxd4+ 29. Ne3 Qxd3 30. Bxc7 Qxf1+ 31. Ndxf1 Rd4 32. Nf5 Rxb4 33. N1g3 Nf6
34. e5 Nh7 35. Nxg7 Kxg7 36. Nf5+ Kh8 37. Nxh6 Rxb2 38. Nxf7+ Kg7 39. Nd6 Rf8
40. e6 Rff2 41. e7 Rxg2+ 42. Kh1 Rh2+ 43. Kg1 Rhg2+ 1/2-1/2

[Event "7. LGA Premium Cup"]
[Site "Nürnberg"]
[Date "2010.09.04"]
[Round "5.4"]
[White "Baramidze, David"]
[Black "Mainka, Romuald"]
[Result "0-1"]
[WhiteElo "2542"]
[BlackElo "2483"]
[PlyCount "114"]
[EventDate "2010.09.02"]
[WhiteTeam "Hamburger SK von 1830 eV"]
[BlackTeam "Schachclub Hansa Dortmund e.V."]

1. Nf3 e6 2. c4 d5 3. e3 Nf6 4. b3 c5 5. d3 Nc6 6. g3 Be7 7. a3 O-O 8. Bg2 b6
9. O-O Bb7 10. Bb2 Qd7 11. Ne1 Rad8 12. f4 Na5 13. Nd2 dxc4 14. bxc4 Bxg2 15.
Kxg2 Ne8 16. Qe2 Bf6 17. Ndf3 Bxb2 18. Qxb2 Nd6 19. g4 b5 20. cxb5 Nxb5 21. Rb1
Nc7 22. Qc3 Nd5 23. Qxc5 Nc6 24. Kh1 Rc8 25. Ng2 Rfd8 26. e4 Nb6 27. Qh5 Nd4
28. f5 Rc5 29. Qh4 Nxf3 30. Rxf3 Rdc8 31. Nf4 e5 32. Nh5 Kh8 33. f6 g6 34. Qg5
Qc7 35. Rbf1 Nd7 36. Qh6 Rg8 37. Ng3 Qd6 38. g5 Rc2 39. Ne2 Nf8 40. R1f2 Rd2
41. Qh3 h5 42. gxh6 Ne6 43. h7 Rd8 44. d4 exd4 45. Qh6 Rd1+ 46. Kg2 Qe5 47. Nf4
Qg5+ 48. Qxg5 Nxg5 49. Rd3 Rxd3 50. Nxd3 Nxe4 51. Ne5 Rd5 52. Nxf7+ Kxh7 53.
Rf4 d3 54. Rxe4 d2 55. Rh4+ Kg8 56. Nh6+ Kf8 57. Rb4 d1=Q 0-1

[Event "7. LGA Premium Cup"]
[Site "Nürnberg"]
[Date "2010.09.04"]
[Round "5.5"]
[White "Zude, Erik"]
[Black "Ginsburg, Gennadi"]
[Result "0-1"]
[WhiteElo "2406"]
[BlackElo "2526"]
[PlyCount "104"]
[EventDate "2010.09.02"]
[WhiteTeam "SV 1920 Hofheim"]
[BlackTeam "SV 1920 Hofheim"]

1. d4 Nf6 2. c4 e6 3. Nc3 d5 4. cxd5 exd5 5. Bg5 Be7 6. e3 Nbd7 7. Bd3 O-O 8.
Nge2 c6 9. Qc2 Re8 10. O-O Nf8 11. f3 h6 12. Bh4 Ne6 13. Rad1 b6 14. a3 Bb7 15.
Rfe1 Ng5 16. Ng3 Nd7 17. Nf5 Nxf3+ 18. gxf3 Bxh4 19. Re2 Nf8 20. Rg2 Ne6 21.
Nxh6+ Kf8 22. Ng4 Qd6 23. Be2 Rad8 24. Qh7 Bf6 25. Nxf6 gxf6 26. f4 Ke7 27. Bh5
Rf8 28. Ne2 Kd7 29. Bxf7 Kc8 30. Bh5 Kb8 31. Qd3 Rh8 32. Bf3 Bc8 33. b4 Nc7 34.
Ng3 Rde8 35. Rc1 Ba6 36. Qd2 Qe6 37. e4 dxe4 38. Bxe4 Nd5 39. Rf2 Reg8 40. Bg2
Re8 41. Bf3 Rh4 42. Be2 Bb7 43. Bc4 Rg8 44. Re1 Qd7 45. Rfe2 a6 46. a4 Ka7 47.
a5 b5 48. Bxd5 Qxd5 49. Rf1 c5 50. dxc5 Rxg3+ 51. hxg3 Rh1+ 52. Kf2 Qf3+ 0-1

[Event "7. LGA Premium Cup"]
[Site "Nürnberg"]
[Date "2010.09.04"]
[Round "5.6"]
[White "Prusikin, Michael"]
[Black "Köpke, Christian"]
[Result "1-0"]
[WhiteElo "2522"]
[BlackElo "2358"]
[PlyCount "83"]
[EventDate "2010.09.02"]
[WhiteTeam "SC Forchheim e.V."]
[BlackTeam "SC Tarrasch 45 München"]

1. d4 f5 2. c4 Nf6 3. Nc3 e6 4. Nf3 Be7 5. Qc2 O-O 6. h3 d5 7. Bg5 c6 8. e3 Ne4
9. Bxe7 Qxe7 10. Be2 Nd7 11. O-O b6 12. Rab1 Bb7 13. b4 Rac8 14. Rfc1 Nxc3 15.
Qxc3 dxc4 16. Qxc4 Kh8 17. Qc3 Rc7 18. a4 Rfc8 19. a5 Nf6 20. Ne5 Ne4 21. Qe1
bxa5 22. bxa5 c5 23. f3 Nd6 24. a6 Bd5 25. Rxc5 Rxc5 26. dxc5 Rxc5 27. Rb8+ Nc8
28. f4 Rc7 29. Qa5 g6 30. Bf3 Bxf3 31. Nxf3 Qd6 32. Kh2 Rc2 33. Rb7 Ne7 34.
Rxa7 Kg7 35. Qe5+ Qxe5 36. fxe5 Kf8 37. Nd4 Ra2 38. Nxe6+ Ke8 39. Nc7+ Kd8 40.
Ne6+ Ke8 41. Rb7 Nc6 42. Rxh7 1-0

[Event "7. LGA Premium Cup"]
[Site "Nürnberg"]
[Date "2010.09.04"]
[Round "5.7"]
[White "Troyke, Christian"]
[Black "Hoffmann, Michael"]
[Result "0-1"]
[WhiteElo "2359"]
[BlackElo "2510"]
[PlyCount "98"]
[EventDate "2010.09.02"]
[WhiteTeam "Erfurter Schachklub"]
[BlackTeam "Schachgesellschaft Solingen e.V."]

1. g3 d5 2. Nf3 Nf6 3. Bg2 e6 4. O-O Be7 5. c4 O-O 6. d4 c6 7. Qc2 b6 8. Nbd2
Bb7 9. e4 Na6 10. e5 Nd7 11. cxd5 Nb4 12. Qb3 Nxd5 13. Ne4 c5 14. dxc5 Nxc5 15.
Nxc5 Bxc5 16. Qa4 Nb4 17. Be3 Bc6 18. Qb3 Bd5 19. Qa4 Bc6 20. Qb3 Bd5 21. Qa4
Qe8 22. Qxe8 Rfxe8 23. Bxc5 bxc5 24. b3 c4 25. bxc4 Bxc4 26. Nd2 Rac8 27. Nxc4
Rxc4 28. Rfd1 g5 29. Rd2 Rec8 30. Bf3 R8c5 31. Rd7 g4 32. Be2 Re4 33. Bf1 a5
34. a3 Nc2 35. Rb1 Ne1 36. Rbb7 Nf3+ 37. Kg2 Nxe5 38. Rdc7 Rd5 39. Rb5 Rd1 40.
Rcc5 Nf3 41. h3 Rxf1 42. hxg4 Nd2 43. Rg5+ Kf8 44. Rb8+ Ke7 45. Rb7+ Kf6 46.
Rg8 Ree1 47. g5+ Ke5 48. Rxf7 Rh1 49. f4+ Kd4 0-1

[Event "7. LGA Premium Cup"]
[Site "Nürnberg"]
[Date "2010.09.04"]
[Round "5.8"]
[White "Milov, Leonid"]
[Black "Hirneise, Tobias"]
[Result "1-0"]
[WhiteElo "2561"]
[BlackElo "2436"]
[PlyCount "83"]
[EventDate "2010.09.02"]
[WhiteTeam "SC Noris-Tarrasch Nürnberg 1873"]
[BlackTeam "Schachverein Wattenscheid 1930"]

1. e4 e5 2. Nf3 Nc6 3. Bb5 a6 4. Ba4 Nf6 5. O-O Be7 6. Re1 b5 7. Bb3 d6 8. c3
O-O 9. d4 Bg4 10. d5 Na5 11. Bc2 c6 12. h3 Bc8 13. dxc6 Qc7 14. Nbd2 Qxc6 15.
Nf1 Nc4 16. a4 Be6 17. Ng5 Bd7 18. b3 Na5 19. Bd2 Qc7 20. axb5 axb5 21. Ne3 h6
22. Nf3 Nb7 23. b4 Rxa1 24. Qxa1 Re8 25. Qa2 Nd8 26. Bb3 Bc6 27. Nd5 Qb7 28.
Nh4 Nxd5 29. exd5 Bxh4 30. dxc6 Nxc6 31. Bd5 Ra8 32. Qc2 Rc8 33. Bxh6 Qe7 34.
Qf5 Rc7 35. Bd2 Qf6 36. Qxf6 Bxf6 37. Ra1 Ne7 38. Ra8+ Kh7 39. Bxf7 e4 40. Rb8
Bxc3 41. Bxc3 Rxc3 42. Rxb5 1-0

[Event "7. LGA Premium Cup"]
[Site "Nürnberg"]
[Date "2010.09.04"]
[Round "5.9"]
[White "Zwahr, Paul"]
[Black "Bischoff, Klaus"]
[Result "0-1"]
[WhiteElo "2348"]
[BlackElo "2553"]
[PlyCount "90"]
[EventDate "2010.09.02"]
[WhiteTeam "SG Grün-Weiß Dresden"]
[BlackTeam "Sportfreunde Katernberg 1913 e.V"]

1. e4 c5 2. Nf3 d6 3. d4 Nf6 4. Nc3 cxd4 5. Nxd4 a6 6. Be3 e6 7. f3 Be7 8. Qd2
O-O 9. O-O-O Nc6 10. g4 Nd7 11. h4 Nxd4 12. Bxd4 b5 13. g5 Rb8 14. Kb1 Qc7 15.
Qg2 b4 16. Ne2 e5 17. Be3 Nc5 18. b3 Be6 19. f4 f5 20. gxf6 Bxf6 21. f5 Bf7 22.
Bg5 Kh8 23. Rg1 Rg8 24. Ng3 a5 25. Qd2 Rbd8 26. Bxf6 gxf6 27. Qh6 Qe7 28. Be2
d5 29. exd5 Bxd5 30. Qe3 Bf7 31. Ne4 Nxe4 32. Qxe4 Rxg1 33. Rxg1 Qc5 34. Rd1
Rxd1+ 35. Bxd1 Qg1 36. Qf3 Qe1 37. h5 Kg7 38. Kb2 Qd2 39. a3 Qd4+ 40. Ka2 Bd5
41. Qe2 Kh6 42. axb4 axb4 43. Qf1 Be4 44. Kb1 Kg5 45. Qe2 Bxf5 0-1

[Event "7. LGA Premium Cup"]
[Site "Nürnberg"]
[Date "2010.09.04"]
[Round "5.10"]
[White "Braun, Arik"]
[Black "Grimberg, Boris"]
[Result "1-0"]
[WhiteElo "2538"]
[BlackElo "2355"]
[PlyCount "113"]
[EventDate "2010.09.02"]
[WhiteTeam "SC Eppingen"]
[BlackTeam "SAbt TSV Haunstetten"]

1. d4 d5 2. Nf3 Nf6 3. c4 c6 4. Nc3 a6 5. a4 e6 6. g3 dxc4 7. Bg2 c5 8. dxc5
Qxd1+ 9. Nxd1 Nc6 10. Ne3 Bxc5 11. Nxc4 Ke7 12. O-O Rd8 13. Bf4 Nd5 14. Bd2 Bd7
15. Rfc1 Rac8 16. Kf1 f6 17. e4 Ndb4 18. Ne3 Nd3 19. Rc3 Ncb4 20. Raa3 a5 21.
Nc4 Bc6 22. Nxa5 Bxe4 23. Ne1 Bxg2+ 24. Kxg2 Nxe1+ 25. Bxe1 b6 26. Nb7 Rd1 {(=)
} 27. a5 Nd5 28. axb6 Nxc3 29. Rxc3 Bxb6 30. Rxc8 Rxe1 31. b4 Re2 32. Nc5 Bxc5
33. Rxc5 Kf7 34. Kf3 Rb2 35. b5 Kg6 36. h4 h5 37. Ke3 Kh6 38. f4 Rb3+ 39. Kd4
Rb4+ 40. Kc3 Rb1 41. Kc4 Kg6 42. f5+ exf5 43. Rd5 Kf7 44. Rxf5 g6 45. Rf3 Ke6
46. Rb3 Rc1+ 47. Kd4 Kf5 48. b6 Rc8 49. b7 Rb8 50. Ke3 Kg4 51. Kf2 Kh3 52. Kf3
g5 53. Rb5 gxh4 54. Rxh5 Kh2 55. Rxh4+ Kg1 56. Rb4 Kh2 57. Kf2 1-0

[Event "7. LGA Premium Cup"]
[Site "Nürnberg"]
[Date "2010.09.04"]
[Round "5.11"]
[White "Pribyl, Josef"]
[Black "Bromberger, Stefan"]
[Result "1/2-1/2"]
[WhiteElo "2342"]
[BlackElo "2530"]
[PlyCount "28"]
[EventDate "2010.09.02"]
[WhiteTeam "Schachhaus Ludwigshafen"]
[BlackTeam "FC Bayern München e.V."]

1. Nf3 Nf6 2. d4 e6 3. g3 b6 4. Bg2 Bb7 5. O-O c5 6. c4 cxd4 7. Qxd4 Be7 8. Nc3
d6 9. Rd1 a6 10. Bg5 Nbd7 11. Bxf6 Nxf6 12. e4 O-O 13. e5 dxe5 14. Qxd8 Rfxd8
1/2-1/2

[Event "7. LGA Premium Cup"]
[Site "Nürnberg"]
[Date "2010.09.04"]
[Round "5.12"]
[White "Zaragatski, Ilja"]
[Black "Schramm, Christian"]
[Result "1/2-1/2"]
[WhiteElo "2490"]
[BlackElo "2322"]
[PlyCount "91"]
[EventDate "2010.09.02"]
[WhiteTeam "Sportfreunde Katernberg 1913 e.V"]
[BlackTeam "SC 1959 Obernau"]

1. Nf3 g6 2. e4 c5 3. d4 cxd4 4. Nxd4 Nf6 5. Nc3 d6 6. Bc4 Bg7 7. O-O O-O 8.
Re1 a6 9. Bf1 b6 10. Nd5 Bb7 11. Bg5 Nbd7 12. c4 e6 13. Nc3 Qc7 14. Rc1 Nc5 15.
f3 Rac8 16. Qd2 Rfd8 17. Qf2 h6 18. Be3 Qb8 19. Red1 a5 {(=)} 20. Qh4 g5 21.
Qg3 Nh5 22. Qf2 Nf4 23. h4 Be5 24. hxg5 hxg5 25. g3 Kg7 26. gxf4 gxf4 27. Bd2
Rh8 28. Be1 Rcg8 29. Bg2 Kf8 30. Rc2 Qd8 31. Ndb5 Rxg2+ 32. Kxg2 Qg5+ 33. Kf1
Rh1+ 34. Ke2 Rg1 35. Nxd6 Rg2 36. Nxb7 Nxb7 37. Na4 Nc5 38. Nxb6 Nxe4 39. fxe4
f3+ 40. Kf1 Rxf2+ 41. Rxf2 Qh5 42. Rfd2 Qh3+ 43. Kf2 Qg3+ 44. Kf1 Qh3+ 45. Kf2
Qg3+ 46. Kf1 1/2-1/2

[Event "7. LGA Premium Cup"]
[Site "Nürnberg"]
[Date "2010.09.04"]
[Round "5.13"]
[White "Jahnel, Günther"]
[Black "Rau, Hannes"]
[Result "1-0"]
[WhiteElo "2320"]
[BlackElo "2464"]
[PlyCount "87"]
[EventDate "2010.09.02"]
[WhiteTeam "SC Hoyerswerda"]
[BlackTeam "SV Hockenheim"]

1. d4 Nf6 2. c4 e6 3. Nc3 Bb4 4. Nf3 O-O 5. Bg5 c5 6. e3 h6 7. Bh4 cxd4 8. exd4
g5 9. Bg3 Ne4 10. Qc2 f5 11. Bd3 d5 12. Bxb8 Rxb8 13. O-O Kg7 14. Rfe1 b6 15.
cxd5 exd5 16. Ne5 Bb7 17. Qb3 Bd6 18. Rad1 Rc8 19. Nb5 Bb8 20. f3 a6 21. Nc3
Bxe5 22. dxe5 Nc5 23. Qc2 f4 24. Qe2 Qe7 25. Bb1 Rfd8 26. Qc2 Kh8 27. Qg6 Rc6
28. e6 Rxe6 29. Rxe6 Nxe6 30. Re1 Rd6 31. Qxh6+ Kg8 32. Bf5 Bc8 33. h4 Qg7 34.
hxg5 Qxh6 35. gxh6 Kf7 36. Re5 d4 37. Ne4 Rd8 38. h7 d3 39. Rd5 Rf8 40. Nd6+
Kf6 41. Bxd3 Nc5 42. Nxc8 Nxd3 43. Nxb6 Nxb2 44. Nd7+ 1-0

[Event "7. LGA Premium Cup"]
[Site "Nürnberg"]
[Date "2010.09.04"]
[Round "5.14"]
[White "Tischbierek, Raj"]
[Black "Menacher, Manfred"]
[Result "1-0"]
[WhiteElo "2451"]
[BlackElo "2290"]
[PlyCount "67"]
[EventDate "2010.09.02"]
[WhiteTeam "FC Bayern München e.V."]
[BlackTeam "SK Kelheim 1920"]

1. Nf3 Nf6 2. c4 e6 3. g3 b6 4. Bg2 Bb7 5. d4 Be7 6. Nc3 Ne4 7. Bd2 O-O 8. O-O
f5 9. d5 Bf6 10. Qc2 Nd6 11. Bf4 Na6 12. Rad1 Qe7 13. Bxd6 cxd6 14. Nd2 Rfc8
15. e4 Bxc3 16. Qxc3 fxe4 17. Qa3 exd5 18. cxd5 Nc5 19. b4 Nd3 20. Nxe4 Ne5 21.
b5 Nf7 22. Qb3 Rc7 23. Rfe1 Qe5 24. h4 Qf5 25. Rd2 h5 26. Qf3 Qg6 27. Qf4 Rf8
28. Qe3 Kh8 29. Ng5 Rcc8 30. Be4 Qh6 31. f4 Kg8 32. Qd3 Rfd8 33. Bh7+ Kf8 34.
Bg6 1-0

[Event "7. LGA Premium Cup"]
[Site "Nürnberg"]
[Date "2010.09.04"]
[Round "5.15"]
[White "Farago, Ivan"]
[Black "Afek, Yochanan"]
[Result "1-0"]
[WhiteElo "2420"]
[BlackElo "2269"]
[PlyCount "45"]
[EventDate "2010.09.02"]
[WhiteTeam "SC Rottal"]
[BlackTeam "Hamburger SK von 1830 eV"]

1. d4 d5 2. c4 dxc4 3. Nf3 c5 4. d5 e6 5. Nc3 exd5 6. Qxd5 Qxd5 7. Nxd5 Na6 8.
e4 Ne7 9. Bf4 Nxd5 10. exd5 f6 11. Bxc4 Bd7 12. Bxa6 bxa6 13. O-O-O O-O-O 14.
Nd2 Kb7 15. Nc4 Bb5 16. Na5+ Kb6 17. Rhe1 Bd6 18. Re6 Kxa5 19. Bxd6 Rd7 20. Bf4
c4 21. Bd2+ Ka4 22. Re3 c3 23. Bxc3 1-0

[Event "7. LGA Premium Cup"]
[Site "Nürnberg"]
[Date "2010.09.04"]
[Round "5.16"]
[White "Gutman, Lev"]
[Black "Löw, Gerald"]
[Result "1-0"]
[WhiteElo "2419"]
[BlackElo "2263"]
[PlyCount "74"]
[EventDate "2010.09.02"]
[WhiteTeam "SC Melle 03"]
[BlackTeam "TSV Bindlach Aktionär-Schachabte"]

1. Nf3 c5 2. g3 g6 3. Bg2 Bg7 4. d4 cxd4 5. Nxd4 Nc6 6. Nxc6 bxc6 7. O-O Rb8 8.
Nd2 Qc7 9. Nb3 d6 10. Re1 Nf6 11. Bd2 Nd5 12. Qc1 O-O 13. Bh6 Bxh6 14. Qxh6 Nb4
15. Qd2 c5 16. Nc1 Bb7 17. e4 Ba6 18. h4 Nc6 19. b3 Ne5 20. h5 Bc8 21. Ne2 Bg4
22. Nf4 e6 23. Qe3 g5 24. Nh3 f6 25. f4 Nf7 26. h6 Bxh3 27. Bxh3 Qe7 28. Rad1
Nxh6 29. Rd2 Nf7 30. Rh2 a5 31. f5 Ne5 32. Qe2 exf5 33. Bxf5 Rf7 34. Kg2 Rg7
35. Reh1 Kf7 36. Rxh7 Rbg8 37. Qd2 Kf8 1-0

[Event "7. LGA Premium Cup"]
[Site "Nürnberg"]
[Date "2010.09.04"]
[Round "5.17"]
[White "Lais, Thomas"]
[Black "Fedorovsky, Michael"]
[Result "0-1"]
[WhiteElo "1916"]
[BlackElo "2411"]
[PlyCount "58"]
[EventDate "2010.09.02"]
[WhiteTeam "SW Nürnberg Süd e.V."]
[BlackTeam "SC Tarrasch 45 München"]

1. e4 c5 2. Nf3 d6 3. d4 cxd4 4. Nxd4 Nf6 5. Nc3 g6 6. Be3 Bg7 7. f3 O-O 8. Bc4
Nc6 9. Qd2 Bd7 10. h4 h5 11. O-O-O Rc8 12. Bb3 Ne5 13. Bh6 Nc4 14. Bxc4 Rxc4
15. Bxg7 Kxg7 16. g4 hxg4 17. h5 Rh8 18. hxg6 fxg6 19. e5 dxe5 20. Ne6+ Bxe6
21. Qxd8 Rxd8 22. Rxd8 gxf3 23. Rb8 Nd5 24. Rxb7 Nxc3 25. bxc3 Rf4 26. Rf1 Bc4
27. Rf2 g5 28. Kd2 g4 29. Ke3 g3 0-1

[Event "7. LGA Premium Cup"]
[Site "Nürnberg"]
[Date "2010.09.04"]
[Round "5.18"]
[White "Eisenbeiser, Amadeus"]
[Black "Nuber, Blasius"]
[Result "1-0"]
[WhiteElo "2397"]
[BlackElo "2243"]
[PlyCount "79"]
[EventDate "2010.09.02"]
[WhiteTeam "BG Buchen"]
[BlackTeam "SC Dillingen"]

1. e4 e5 2. Nf3 Nc6 3. Bc4 Nf6 4. d3 Be7 5. O-O O-O 6. Re1 d6 7. c3 Be6 8. Bb3
Nd7 9. h3 Kh8 10. d4 Bxb3 11. Qxb3 Qc8 12. Qc2 Bf6 13. dxe5 Ndxe5 14. Nxe5 Nxe5
15. Bf4 Ng6 16. Be3 Bh4 17. Nd2 f5 18. Nf3 f4 19. Bd2 Bf6 20. Qd3 a6 21. Rad1
Qe8 22. b3 Qb5 23. c4 Qb6 24. Bc3 Bxc3 25. Qxc3 Rae8 26. e5 dxe5 27. Nxe5 Nh4
28. Nf3 Nf5 29. Rxe8 Rxe8 30. Qe5 Qg6 31. Qxf4 h6 32. Qxc7 Re2 33. Qxb7 Ne3 34.
Nh4 Qd6 35. Qa8+ Kh7 36. Qe4+ g6 37. Rb1 Nf1 38. Qxg6+ Qxg6 39. Nxg6 Nd2 40.
Nf4 1-0

[Event "7. LGA Premium Cup"]
[Site "Nürnberg"]
[Date "2010.09.04"]
[Round "5.19"]
[White "Donchenko, Anatoly"]
[Black "Siedentopf, Daniel"]
[Result "1/2-1/2"]
[WhiteElo "2363"]
[BlackElo "2240"]
[PlyCount "108"]
[EventDate "2010.09.02"]
[WhiteTeam "SK 1858 Gießen"]
[BlackTeam "SG Grün-Weiß Dresden"]

1. Nf3 f5 2. d4 Nf6 3. g3 g6 4. Bg2 Bg7 5. c4 O-O 6. O-O d6 7. Nc3 Qe8 8. d5 a5
9. Rb1 Na6 10. b3 Bd7 11. a3 Nc5 12. Be3 Nfe4 13. Nxe4 Nxe4 14. Bd4 Nc3 15.
Bxc3 Bxc3 16. Nd4 Qf7 17. Qd3 Bxd4 18. Qxd4 f4 19. Qxf4 {(=)} Qxf4 20. gxf4
Rxf4 21. e3 Rf7 22. Rb2 g5 23. Rc1 b6 24. b4 axb4 25. axb4 Ra7 26. c5 Rf8 27.
Be4 Kg7 28. Kg2 h6 29. Kg3 Kf6 30. Bg2 Rfa8 31. cxb6 cxb6 32. h4 Rc8 33. hxg5+
hxg5 34. Rxc8 Bxc8 35. Rc2 Bd7 36. Rc4 Ra4 37. f4 Bf5 38. fxg5+ Kxg5 39. Be4 b5
40. Rd4 Ra3 41. Bxf5 Kxf5 42. Kf3 Ke5 43. Re4+ Kxd5 44. Rxe7 Rc3 45. Re4 Rc4
46. Rf4 Ke5 47. Rxc4 bxc4 48. Ke2 d5 49. Kd2 Kd6 50. Kc3 Kc6 51. e4 dxe4 52.
Kxc4 e3 53. Kd3 Kb5 54. Kxe3 Kxb4 1/2-1/2

[Event "7. LGA Premium Cup"]
[Site "Nürnberg"]
[Date "2010.09.04"]
[Round "5.20"]
[White "Hector, Jonny"]
[Black "Nuber, Korbinian"]
[Result "1-0"]
[WhiteElo "2592"]
[BlackElo "2211"]
[PlyCount "131"]
[EventDate "2010.09.02"]
[WhiteTeam "Schachklub Turm Emsdetten e.V."]
[BlackTeam "SC Dillingen"]

1. e4 Nf6 2. Nc3 d5 3. e5 d4 4. exf6 dxc3 5. fxg7 cxd2+ 6. Bxd2 Bxg7 7. Qf3
Bxb2 8. Rd1 Qd6 9. Bc4 Qf6 10. Qb3 Rg8 11. Bd5 c6 12. Bf3 Bd4 13. Ne2 Bb6 14.
Be3 Nd7 15. Ng3 Bxe3 16. fxe3 Nc5 17. Qb4 Qe5 18. O-O Bd7 19. Qd4 Qxd4 20. exd4
Ne6 21. Bh5 Nd8 22. Rf4 Be6 23. a4 Kd7 24. Be2 f6 25. c4 Bf7 26. d5 cxd5 27.
cxd5 Rxg3 28. hxg3 Kd6 29. Rc1 Be8 30. a5 Nf7 31. Rb4 Rb8 32. Bh5 b6 33. a6 Ne5
34. Bxe8 Rxe8 35. Rb3 Rd8 36. Rbc3 Rd7 37. Rc8 Kxd5 38. Rb8 Nc6 39. Rb7 Rd6 40.
g4 Ke6 41. Kh2 b5 42. Rxb5 Ne5 43. Ra5 Nxg4+ 44. Kg3 Ne5 45. Rc7 Nc6 46. Rc5
Nb4 47. Rxa7 Nxa6 48. Rc3 Nb4 49. Re3+ Kf5 50. Raxe7 Kg6 51. R3e4 Rd3+ 52. Kh4
Nd5 53. Rg4+ Kh6 54. Rf7 Rd1 55. Rgg7 f5 56. Rxh7+ Kg6 57. Rhg7+ Kh6 58. Rg8
Ne3 59. Rf6+ Kh7 60. Rg3 Re1 61. Kg5 Re2 62. Re6 f4 63. Re7+ Kh8 64. Kg6 Nxg2
65. Rh3+ Kg8 66. Rxe2 1-0

[Event "7. LGA Premium Cup"]
[Site "Nürnberg"]
[Date "2010.09.04"]
[Round "5.21"]
[White "Henrichs, Thomas"]
[Black "Promyshlyanskiy, Vitaliy"]
[Result "1-0"]
[WhiteElo "2507"]
[BlackElo "2237"]
[PlyCount "69"]
[EventDate "2010.09.02"]
[WhiteTeam "Schachclub Hansa Dortmund e.V."]
[BlackTeam "SC Noris-Tarrasch Nürnberg 1873"]

1. d4 Nf6 2. c4 Nc6 3. Nf3 e6 4. g3 Bb4+ 5. Bd2 Qe7 6. Nc3 d6 7. Bg2 O-O 8. O-O
Bxc3 9. Bxc3 Ne4 10. Rc1 e5 11. d5 Nb8 12. Nd2 Nxc3 13. Rxc3 a5 14. f4 exf4 15.
gxf4 Bg4 16. Rf2 Nd7 17. Rg3 f5 18. Nb3 Rfe8 19. Nd4 g6 20. h3 Bh5 21. Nxf5 Qf6
22. Nd4 Nc5 23. Qd2 Re4 24. e3 a4 25. Kh2 Rae8 26. b4 axb3 27. axb3 R4e7 28. b4
Na6 29. Ne6 c6 30. e4 cxd5 31. cxd5 Rc8 32. e5 dxe5 33. f5 Qh4 34. Qh6 Rxe6 35.
fxe6 1-0

[Event "7. LGA Premium Cup"]
[Site "Nürnberg"]
[Date "2010.09.04"]
[Round "5.22"]
[White "Maiwald, Jens-Uwe"]
[Black "Hirschberg, Valerian"]
[Result "1/2-1/2"]
[WhiteElo "2483"]
[BlackElo "2137"]
[PlyCount "91"]
[EventDate "2010.09.02"]
[WhiteTeam "USV TU Dresden"]
[BlackTeam "SV Pfinztal e. V."]

1. e4 c5 2. d3 g6 3. g3 Bg7 4. Bg2 d6 5. Nf3 Nc6 6. O-O Nf6 7. Re1 O-O 8. h3 e5
9. Nc3 Rb8 10. a4 a6 11. Bg5 h6 12. Bxf6 Bxf6 13. Nd2 b5 14. axb5 axb5 15. Nf1
Bg7 16. Ne3 Be6 17. h4 h5 18. Kh2 Nd4 19. Ncd5 f5 20. exf5 Nxf5 21. Nxf5 Rxf5
22. Qe2 Qd7 23. Rf1 Kh8 24. Ra6 Rbf8 25. Kg1 R5f7 26. Ne3 Rf6 27. c4 bxc4 28.
dxc4 Bh3 29. Nd5 Bxg2 30. Kxg2 R6f7 31. Qe4 Rf5 32. Ne3 R5f6 33. Nd5 Rf5 34.
Ne3 R5f6 35. Ra8 Rxa8 36. Qxa8+ Kh7 37. Qe4 Bh6 38. Nd5 Rf7 39. Ra1 Qf5 40.
Qxf5 gxf5 41. Ra6 Bf8 42. Rb6 Kg7 43. Rc6 Rb7 44. Rc7+ Rxc7 45. Nxc7 Kf7 46.
Nd5 1/2-1/2

[Event "7. LGA Premium Cup"]
[Site "Nürnberg"]
[Date "2010.09.04"]
[Round "5.23"]
[White "Lechtynsky, Jiri"]
[Black "Stiller, Jürgen"]
[Result "1/2-1/2"]
[WhiteElo "2380"]
[BlackElo "2195"]
[PlyCount "74"]
[EventDate "2010.09.02"]
[WhiteTeam "SC Hoyerswerda"]
[BlackTeam "SW Nürnberg Süd e.V."]

1. Nf3 Nf6 2. c4 g6 3. g3 Bg7 4. Bg2 O-O 5. O-O d6 6. d4 Nc6 7. Nc3 a6 8. h3
Rb8 9. e4 b5 10. e5 dxe5 11. dxe5 Qxd1 12. Rxd1 Nd7 13. e6 fxe6 14. cxb5 axb5
15. Be3 Nb6 16. Ng5 Ne5 17. Bd4 b4 18. Ne2 h6 19. Ne4 Nd5 20. Nc5 Rb5 21. Rac1
Ra5 22. f4 Nf7 23. Bxg7 Kxg7 24. Nd4 Nd8 25. Ndxe6+ Nxe6 26. Rxd5 Rf5 27. Rxf5
gxf5 28. Nd3 Rxa2 29. Bd5 Ra5 30. Nxb4 Rb5 31. Bxe6 Bxe6 32. Nd3 Rd5 33. Rc3
Rd4 34. Kf2 Bd5 35. Ke3 Re4+ 36. Kd2 c6 37. Ne5 Rb4 1/2-1/2

[Event "7. LGA Premium Cup"]
[Site "Nürnberg"]
[Date "2010.09.04"]
[Round "5.24"]
[White "Liepold, Stefan"]
[Black "Espig, Lutz"]
[Result "1/2-1/2"]
[WhiteElo "2240"]
[BlackElo "2365"]
[PlyCount "69"]
[EventDate "2010.09.02"]
[WhiteTeam "SC Erlangen 48/88"]
[BlackTeam "Schachklub König Plauen"]

1. e4 c5 2. Nf3 e6 3. d4 cxd4 4. Nxd4 Nf6 5. Nc3 d6 6. g4 h6 7. Rg1 Nc6 8. h4
d5 9. exd5 Nxd5 10. Nxd5 Qxd5 11. Bg2 Qe5+ 12. Be3 Bd7 13. Nxc6 Bxc6 14. Bxc6+
bxc6 15. Qd4 Qxd4 16. Bxd4 f6 17. O-O-O Bd6 18. Be3 Ke7 19. Rd3 e5 20. Rgd1
Rhd8 21. c4 Ke6 22. f3 Be7 23. Rxd8 Bxd8 24. Bc5 Bc7 25. b4 h5 26. gxh5 Rh8 27.
Rg1 Bb6 28. Bxb6 axb6 29. Rxg7 Rxh5 30. Rb7 Rxh4 31. Rxb6 Rxc4+ 32. Kd2 Kd5 33.
a4 c5 34. bxc5 Rxa4 35. Rxf6 1/2-1/2